000 00535nam a2200193 a 4500
001 000020912
005 20200930011204.0
008 100823s1970 mx r 000 0 spa d
040 _aDO-SdBNP
_bspa
_cBNPHU
082 _a891.744
_bT858i
100 1 _aTrotsky, León,
_d1879-1940
_943832
245 1 0 _aImágenes de Lenin /
_cLeón Trotsky.
260 _aMéxico :
_bEra,
_c1970.
300 _a148 p. ;
_c18 cm.
490 1 _aEra
_v8
600 1 0 _aLENIN, VLADIMIR ILICH,
_d1870-1924
_932408
830 0 _aEra ;
_v8
_943833
049 _aBNGR
999 _c20415
_d20415